| 000 | 00722cam a2200253 4500 | ||
|---|---|---|---|
| 008 | 090401t1996 xxu||||| |||| 00| 0 eng d | ||
| 020 | _a0471137413 | ||
| 035 | _a(Sirsi) u77727 | ||
| 041 | _aeng | ||
| 050 | _a711.10973 | ||
| 100 | _aKreske, Diori L. | ||
| 245 | _aEnvironmental impact statements : a practical guide for agencies, citizens and consultants. | ||
| 260 |
_aNew York _bJohn Wiley & Sons _c1996 |
||
| 300 | _axxi,480p. ; 24cm. | ||
| 350 | _a50 | ||
| 650 |
_aEnvironment _96238 |
||
| 650 | _aENVIRONMENTAL ASSESSMENTS | ||
| 650 | _aENVIRONMENTAL IMPACT STATEMENTS | ||
| 650 | _aPLANNING | ||
| 650 | _aUNITED STATES | ||
| 690 | _aPLANNING LAW AND PRACTICE | ||
| 942 | _n0 | ||
| 948 | _c14/04/1997 | ||
| 999 |
_c96346 _d96346 |
||